Columbo: Trivia - Statistics

General Stats
  • This quiz has been taken 150 times
  • The average score is 7 of 15
Answer Stats
Question Answer % Correct
Who played Columbo? Peter Falk
97%
Columbo's pet bassett hound had what name? Dog
79%
William Shatner starred as the killer in how many episodes? 2
78%
'A Matter of Honor' was set in which country? Mexico
60%
In which year did the final episode first air? 2003
56%
The first episode had what title? Prescription: Murder
53%
Who made the most guest star appearances? Patrick McGoohan
48%
Which episode was directed by Steven Spielberg? Murder by the Book
43%
Who played both of identical twin brothers in 'Double Shock'? Martin Landau
42%
A plane crash piloted by Johnny Cash was the method of murder in which episode? Swan Song
40%
In 'Troubled Waters' he was the killer and in 'Last Salute to the Commodore' the victim, name the actor? Robert Vaughn
34%
How many episodes were made? 69
32%
Billy Connolly played the murderer in which episode? Murder With Too Many Notes
32%
'Try and Catch Me' starred who as the murderess? Ruth Gordon
26%
Columbo's car was what make/model? Peugeot 403
15%
No matching quizzes found
Score Distribution
Percent of People with Each Score
Percentile by Number Answered
Your Score History
You have not taken this quiz